| 000 | 00987nam a22002897a 4500 | ||
|---|---|---|---|
| 005 | 20110802140127.0 | ||
| 008 | 110802t xxu||||| |||| 00| 0 eng d | ||
| 010 | _aENG-103191 | ||
| 020 |
_a9780070700352 _c350.00 |
||
| 020 |
_a070700354 _c350.00 |
||
| 035 | _aEN-86724 | ||
| 037 | _bDBAD / PUB | ||
| 040 |
_adpl _bEnglish |
||
| 082 | _a536 | ||
| 100 |
_929868 _aZemansky, Mark W. |
||
| 245 |
_aHeat and thermodynamics / _cby Mark W. Zemansky [and] Richard H. Dittman ; adapted by Amit K. Chattopadhyay |
||
| 250 | _a8th ed | ||
| 260 |
_aNew Delhi _bTata McGraw Hill _c2011 |
||
| 270 |
_a7, West Patel Nagar _bNew Delhi _e110002 |
||
| 300 |
_axxv,507p. _c23cm (pbk) |
||
| 500 | _aIncludes bibliographical references and index | ||
| 650 | _929869 | ||
| 651 | _91549 | ||
| 700 |
_929871 _aDittman, Richard H. |
||
| 942 |
_2ddc _cEN _h536 _mZEM |
||
| 999 |
_c54688 _d54688 |
||